00839nam a2200217 a 4500001001000000003000500010005001700015008004100032010001100073011001100084040000900095100004000104245013500144260004100279500006000320502010200380650002100482650002200503650002600525856007000551000111499CHAP20220329144214.0150513s2014 mx sm |||||||spa d a107961 a108933 cCHAP1 aGarcía Martínez, Adriana Isabel10aConsumo estacional de tomate fresco en México dentro de los hogares, 2012h[En línea]cpor Adriana Isabel García Martínez. aChapingo, Méx. :bEl autor,c2014. aPara ver el contenido del material haga clic en la liga aTesis (Lic. en Economía Agrícola) -- UACH. División de Ciencias Económico Administrativas14aTomatexConsumo.14aTomatexMercadeo.14aTomatexProducción. aFinding aiduhttp://10.13.5.2/tesis/sist111499.pdfzTeclea aquí